000 00651nam a2200265Ia 4500
003 OSt
005 20221007103908.0
006 a|||||r|||| 00| 0
007 ta
008 221006b |||||||| |||| 00| 0 eng d
024 _a14,339
037 _cTextual
040 _aLCO
_cLCO
_beng
041 _2eng
_aeng
082 _aZ2,94, L3
100 _aRatanlal
245 0 _aLaw of Evidence
250 _a16th
260 _aBombay
_bN.M.Tripathi Private Limiited India
_c1973
300 _a395
650 _aEVIDENCE
700 _a Dhirajlal
942 _hZ2,94, L3
_cTEXL
999 _c1183902
_d1183902